000
00311nam a22001337a 4500
008
180917b xxu||||| |||| 00| 0 eng d
020
_a
9780132814423
041
_a
eng
080
_a
615
100
_a
5
101
_a
FAR
245
_a
Farmacology Conections Nursing Practice
_c
Adams.m.p
942
_2
udc
_c
BK
999
_c
47824
_d
47824